Selected poems/ (Record no. 103099)

MARC details
000 -LEADER
fixed length control field 00732nam a22002057a 4500
005 - DATE AND TIME OF LATEST TRANSACTION
control field 20160907154855.0
010 ## - LCCN (DPL NO)
LC control number 1516EN07 ENG-115958
020 ## - INTERNATIONAL STANDARD BOOK NUMBER
International Standard Book Number 9780143421047
Terms of availability 399.00
035 ## - SYSTEM CONTROL NUMBER
System control number B-606202-223
035 ## - SYSTEM CONTROL NUMBER
System control number EN-99490
037 ## - SOURCE OF ACQUISITION
Stock number dpl
Source of stock number/acquisition Blueberry/Ven
082 ## - DEWEY DECIMAL CLASSIFICATION NUMBER
Classification number 881
100 ## - MAIN ENTRY--PERSONAL NAME
Personal name Das, Kamala
245 ## - TITLE STATEMENT
Title Selected poems/
Statement of responsibility, etc by Kamala Das
260 ## - PUBLICATION, DISTRIBUTION, ETC. (IMPRINT)
Place of publication, distribution, etc Gurgaon
Name of publisher, distributor, etc Penguin Group
Date of publication, distribution, etc 2014
270 ## - ADDRESS
Address 7th Floor, Infinity Tower C, DLF Cyber City
City Gurgaon
Postal code 122002, Haryana, India
300 ## - PHYSICAL DESCRIPTION
Extent 223p.
Dimensions 19cm(pbk)
942 ## - ADDED ENTRY ELEMENTS (KOHA)
Source of classification or shelving scheme Dewey Decimal Classification
Item type English Books
Classification part 881
Call number suffix DAS
Holdings
Withdrawn status Lost status Not for loan Collection code Home library Current library Date acquired Source of acquisition Cost, normal purchase price Full call number Barcode Copy number Cost, replacement price Koha item type
    Not For Loan Non-fiction D.B.Act.Division Bawana 07/09/2016 DBAD/PUB 399.00 881 DAS EN-99490 1 399.00 English Books

© Delhi Public Library
Hit Counter
free hit counter